000 01116cam a2200133 4500500
005 20260405085433.0
041 _afre
042 _adc
100 1 0 _aGardes Tamine, Joëlle
_eauthor
245 0 0 _aLa grammaire T1 : Phonologie, morphologie, lexicologie
260 _bArmand Colin,
_c2018.
520 _aCe précis de grammaire est un classique dans les études de lettres. Il décrit le fonctionnement de la langue éclairé par la réflexion linguistique. La clarté de la démarche en fait un véritable aide-mémoire. Les exposés théoriques sont assortis d’exercices corrigés qui permettent de mettre en pratique les notions à l’étude et de développer ainsi sa propre réflexion. Ils forment de solides entraînements aux étudiants pour préparer les questions de grammaire aux concours. Cette 5e édition apporte une actualisation des termes et des informations sur l’histoire de la langue, de la prononciation, de la graphie, de la formation des mots et des exercices supplémentaires.
856 4 1 _uhttps://shs.cairn.info/la-grammaire--9782200621988?lang=fr&redirect-ssocas=7080
999 _c2197563
_d2197563